000 00368nam a2200157Ia 4500
008 151213s9999 xx 000 0 und d
100 _aH. Coombes
245 _aLiterature and Criticism
_cH. Coombes
250 _a1st
260 _aU K.
_bPolican Books
_c1953
300 _a4572 p.
650 _aCritics
650 _aEnglish
700 _aH. Coombes
999 _c2946
_d2946